000 00803nam a22001937a 4500
005 20160809114102.0
010 _a1516EN07 ENG-115681
020 _a9788170357193
_c250.00
035 _aB-606287-320
035 _aENG-99213
037 _adpl
_bK.K.Pub/Ven
082 _a630.76
245 _aGuide for agricultural competitive examinations:
_ban enhanced competition explorer/
_cedited and compiled by R.K.Sharma...[et...al]
260 _aNew Delhi
_bDaya Publishing House
_c2015
270 _a4760-61/23, Ansari Road, Darya Gang,
_bNew Delhi
_e110002
_k011-43549197
300 _a408p.
_c22cm(pbk)
942 _2ddc
_cEN
_h630.76
_mGUI
999 _c95632
_d95632